00907nam a22003017a 450000100090000000300040000900500170001300800410003001000170007102000150008803500220010303700600012504000130018504200100019805000240020808200260023210000290025824500550028724600150034226000430035730000250040052000480042552100350047352600190050854100060052754600160053356200560054913777836OSt20140310183102.0040412s2003 ph 000 0 tgl  a 2003711696 a9715062350 a(DLC) 2003711696 bLibrary of Congress -- Jakarta Overseas OfficecP340.00 aDLCcDLC alcode00aPL 6063b.N163 2003 aFIL 890.14bN163 20031 aNakpil, Carmen Guerrero.14aMga kuwento sa kasaysayancNakpil, Carmen Geurrero30aKasaysayan aEspaña, ManilabUST Pub. Housec2003 aviii, 208 p.c23 cm. aCollection of Philippine historical essays. aHigh School to College Student c1210L to 1700L j1 aIn Tagalog. efor circulation. 1 copy available in the collection